| 000 | 00621nam a22001457a 4500 | ||
|---|---|---|---|
| 999 |
_c509678 _d509678 |
||
| 082 | _aAPPPA 2018-19\MAY | ||
| 100 |
_aMayaram, Archana _95794 |
||
| 245 |
_aPublic Private Partnership in primary health care : _bA case study of PPPS in primary health centres in Rajasthan _cby Archana Mayaram |
||
| 260 |
_aNew Delhi _bIndian Institute of Public Administration _c2019 |
||
| 300 | _a60p. | ||
| 500 | _aAPPPA Dissertation, 2018-19 (Guide: Dr. Neetu Jain) | ||
| 650 |
_aPoor -- Medical care -- India -- Rajasthan _96334 |
||
| 650 |
_aPublic-private sector cooperation -- India. _96335 |
||
| 650 |
_aMedical policy -- India. _96336 |
||